000 00772nam a2200253Ia 4500
005 20251020182455.0
008 200515s9999 xx 000 0 und d
020 _a968-24-2642-1
082 _a624.014.2/S21
100 _aSánchez Ochoa, Jorge
245 0 _aCálculo estructural en acero : Aplicado a la construcción arquitectónica
250 _a1a ed.
260 _aMéxico, D.F.
260 _bTrillas
260 _c1990
300 _a256 p.
300 _bil., tbl., graf.
500 _a1 ejemplar
520 _aManejo de estructuras metálicas, primordialmente acero, mediante la aplicación de conceptos fundamentales de estática y la resistencia de materiales.
650 _aACERO
650 _aCALCULO ESTRUCTURAL
942 _cLIB
999 _c979
_d979